Teória hier a jej aplikácie na finančných trhoch bakalárska práca

Salvato in:
Dettagli Bibliografici
Autore principale: Fariusová, Petra
Ente Autore: Národohospodárska fakulta EU. Katedra financií
Altri autori: Kováč, Urban
Natura: Libro
Lingua:slovacco
Pubblicazione: Bratislava 2010
Tags: Aggiungi Tag
Nessun Tag, puoi essere il primo ad aggiungerne!!

MARC

LEADER 00000nam$a2200000$$$4500
001 0136527
005 20240320074537.8
041 0 |a slo 
044 |a SK 
245 1 0 |a Teória hier a jej aplikácie na finančných trhoch  |b bakalárska práca  |c Petra Fariusová ; školiteľ: Urban Kováč 
264 1 |a Bratislava  |c 2010 
300 |a 46 s. 
100 1 |a Fariusová, Petra 
700 1 |a Kováč, Urban 
710 2 |a Národohospodárska fakulta EU. Katedra financií